[Event "34th Olympiad, Istanbul TUR"]
[Site "?"]
[Date "2000.??.??"]
[Round "6"]
[White "Kveinys, A."]
[Black "Kotsur, P."]
[Result "1/2-1/2"]
[WhiteElo "2520"]
[BlackElo "2585"]
[PlyCount "99"]
[EventDate "2000.??.??"]
[Source "www.chesslib.no"]
[SourceDate "2004.05.04"]

1. d4 Nf6 2. c4 c5 3. d5 e6 4. Nc3 exd5 5. cxd5 d6 6. Nf3 g6 7. Bg5 Bg7 8. e3 O-O 9. Nd2 h6 10. Bh4 b6 11. Bc4 a6 12. a4 Nbd7 13. Be2 Re8 14. O-O g5 15. Bg3 Ne5 16. h3 Bf5 17. Bxe5 Rxe5 18. Nc4 Re8 19. Bd3 Bxd3 20. Qxd3 Rb8 21. Nd2 Qc8 22. Rfc1 Qb7 23. Nc4 Qd7 24. Na3 g4 25. Qxa6 gxh3 26. g3 Qf5 27. Qf1 Nxd5 28. Nab5 Nxc3 29. bxc3 Rbd8 30. Ra2 h5 31. Rd2 d5 32. Kh2 h4 33. Qxh3 hxg3+ 34. Kxg3 Qe5+ 35. Kg2 Re6 36. Kf1 Qe4 37. Qg2 Qxa4 38. c4 d4 39. Rd3 Rde8 40. exd4 cxd4 41. Nc7 Rg6 42. Rg3 Rxg3 43. Qxg3 Re5 44. Nd5 Re6 45. f4 f5 46. Qd3 Qa2 47. Re1 Rxe1+ 48. Kxe1 Qh2 49. Qxf5 Qg1+ 50. Ke2 1/2-1/2

[Event "ARG-ch"]
[Site "Buenos Aires"]
[Date "1975.??.??"]
[Round "12"]
[White "Najdorf, Miguel"]
[Black "Cuasnicu, Oscar"]
[Result "1-0"]
[WhiteElo "2510"]
[BlackElo "2410"]
[PlyCount "85"]
[EventDate "1975.??.??"]
[Source "ChessBase"]

1. d4 Nf6 2. c4 c5 3. d5 e6 4. Nc3 exd5 5. cxd5 d6 6. Nf3 g6 7. Bg5 h6 8. Bh4 Bg7 9. e3 g5 10. Bg3 Nh5 11. Qa4+ Kf8 12. Qc2 Nxg3 13. hxg3 Nd7 14. Be2 Qe7 15. Nd2 Ne5 16. e4 Bd7 17. Nf1 c4 18. a4 f5 19. Ne3 fxe4 20. Qxe4 Re8 21. O-O h5 22. Nxc4 h4 23. g4 h3 24. Ne3 Qf6 25. g3 h2+ 26. Kh1 Kg8 27. Qg2 Nf7 28. Bb5 Bxb5 29. axb5 Qd4 30. Qf3 Qc5 31. Rfc1 Ne5 32. Qf5 Qc8 33. Qe4 Qd7 34. Nf5 Nf7 35. Qc2 Re5 36. f4 gxf4 37. gxf4 Rxf5 38. Qxf5 Qxf5 39. gxf5 Nh6 40. Ne4 Nxf5 41. Rc8+ Bf8 42. Rxa7 Ne7 43. Nxd6 1-0

[Event "Baku"]
[Site "Baku"]
[Date "1980.??.??"]
[Round "12"]
[White "Antoshin, Vladimir S"]
[Black "Padevsky, Nikola"]
[Result "1-0"]
[WhiteElo "2480"]
[BlackElo "2415"]
[PlyCount "148"]
[EventDate "1980.??.??"]
[Source "www.chesslib.no"]
[SourceDate "2004.05.04"]

1. d4 Nf6 2. c4 c5 3. d5 e6 4. Nc3 exd5 5. cxd5 d6 6. Nf3 g6 7. Bg5 Bg7 8. e3 a6 9. Nd2 h6 10. Bh4 b5 11. a4 b4 12. Nce4 O-O 13. Nc4 g5 14. Nxf6+ Qxf6 15. Bg3 Rd8 16. h4 a5 17. hxg5 hxg5 18. Rb1 Ba6 19. Nd2 Bxf1 20. Kxf1 Nd7 21. Nc4 Ra6 22. Qd3 Nb6 23. Nxd6 Raa8 24. Qh7+ Kf8 25. Ne4 Qg6 26. Qxg6 fxg6 27. Nxc5 Nc4 28. Ne6+ Kg8 29. Nxd8 Rxd8 30. b3 Nd2+ 31. Ke2 Nxb1 32. Rxb1 Rxd5 33. Rc1 Bc3 34. Rd1 Rc5 35. Rd8+ Kf7 36. e4 Rc6 37. Rd7+ Ke6 38. Rc7 Ra6 39. Rc5 Bf6 40. f3 Be7 41. Rc4 Kd7 42. Bf2 Ra8 43. Be3 Ke6 44. Rc6+ Kf7 45. Bd4 Bd8 46. Kd3 Rb8 47. Rc5 Rb7 48. Be3 g4 49. fxg4 Rb8 50. e5 Bb6 51. Rb5 Rd8+ 52. Ke4 Bxe3 53. Kxe3 Rd1 54. Rxa5 Rb1 55. Ke4 Rxb3 56. Ra7+ Ke6 57. Rg7 Rg3 58. Rxg6+ Kf7 59. Rb6 Rxg2 60. Kf3 Rb2 61. a5 b3 62. a6 Ra2 63. Rxb3 Rxa6 64. Kf4 Ke6 65. Rb4 Ra1 66. Rb6+ Kf7 67. Kg5 Re1 68. e6+ Ke7 69. Kg6 Rh1 70. g5 Rh2 71. Kg7 Rg2 72. g6 Rg1 73. Rb7+ Kxe6 74. Kh7 Rh1+ 1-0

[Event "Antwerp Open"]
[Site "Antwerp BEL"]
[Date "1995.??.??"]
[Round "6"]
[White "Khenkin, Igor"]
[Black "Van Mechelen, Jan"]
[Result "1-0"]
[WhiteElo "2530"]
[BlackElo "2360"]
[PlyCount "81"]
[EventDate "1995.08.??"]
[Source "www.chesslib.no"]
[SourceDate "2004.05.04"]

1. d4 Nf6 2. c4 c5 3. d5 e6 4. Nc3 exd5 5. cxd5 d6 6. Nf3 g6 7. Bg5 Bg7 8. e3 O-O 9. Nd2 Nbd7 10. Bd3 a6 11. a4 Qc7 12. O-O Ne5 13. Bc2 Rb8 14. Qe2 Re8 15. h3 b5 16. axb5 axb5 17. Nxb5 Qb6 18. Bxf6 Bxf6 19. Nc3 Bg7 20. f4 Qxb2 21. Nde4 Nc4 22. Rfb1 Nxe3 23. Rxb2 Rxb2 24. Ra2 Rxa2 25. Nxa2 Bd4 26. Kh1 Bb7 27. Nxd6 Ra8 28. Bb3 Ra3 29. Qb5 Rxb3 30. Qxb3 Bxd5 31. Qb8+ Kg7 32. Nb5 Bf6 33. Nac3 Bxg2+ 34. Kh2 Bf3 35. Kg3 Bh5 36. Ne4 Bh4+ 37. Kh2 Bf3 38. Qe5+ Kh6 39. Nbd6 f5 40. Nf7+ Kh5 41. Qg7 1-0

[Event "Villa Ballester op 48th"]
[Site "Villa Ballester"]
[Date "1998.??.??"]
[Round "8"]
[White "Slipak, Sergio"]
[Black "Minzer, Claudio Javier"]
[Result "1-0"]
[WhiteElo "2510"]
[BlackElo "2380"]
[PlyCount "97"]
[EventDate "1998.??.??"]
[Source "www.chesslib.no"]
[SourceDate "2004.05.04"]

1. d4 Nf6 2. c4 c5 3. d5 e6 4. Nc3 exd5 5. cxd5 d6 6. Nf3 g6 7. Bg5 h6 8. Bh4 g5 9. Bg3 Nh5 10. e3 Nxg3 11. hxg3 Bg7 12. Bd3 a6 13. a4 Nd7 14. Qc2 Rb8 15. O-O O-O 16. Rfd1 Qe7 17. a5 Ne5 18. Nxe5 Qxe5 19. Ra3 f5 20. Na4 f4 21. gxf4 gxf4 22. exf4 Rxf4 23. Bh7+ Kh8 24. Re3 Qh5 25. Bg6 Bf5 26. Bxf5 Rxf5 27. Qe2 Bd4 28. Qxh5 Rxh5 29. Rf3 Rxd5 30. Nc3 Re5 31. Rf6 Kg7 32. Rxd6 Rf8 33. Rd7+ Kg8 34. Rd3 Bxf2+ 35. Kh2 Rf7 36. Rd8+ Kg7 37. Rh3 Bd4 38. Rh4 Re3 39. Ne4 Re7 40. Rg4+ Kh7 41. Rxd4 h5 42. Nf6+ Kh6 43. Ng8+ Kh7 44. Nf6+ Kh6 45. Rde4 hxg4 46. Rxe3 Rxe3 47. Nxg4+ Kg5 48. Nxe3 Kf4 49. Nc4 1-0

[Event "It (Men) Ostrava CZE"]
[Site "?"]
[Date "2005.05.01"]
[Round "2"]
[White "Vokac Marek"]
[Black "Simacek Pavel"]
[Result "1-0"]
[WhiteElo "2454"]
[BlackElo "2421"]
[PlyCount "151"]
[EventDate "2005.??.??"]
[Source "www.chesslib.no"]
[SourceDate "2004.05.04"]

1. d4 Nf6 2. c4 c5 3. d5 e6 4. Nc3 exd5 5. cxd5 d6 6. Nf3 g6 7. Bg5 h6 8. Bh4 g5 9. Bg3 Nh5 10. Nd2 Nxg3 11. hxg3 Nd7 12. e3 a6 13. a4 Bg7 14. Be2 O-O 15. Nc4 Nb6 16. O-O Nxc4 17. Bxc4 Rb8 18. Qd3 Qf6 19. Ra3 Bf5 20. Qd2 h5 21. Rb3 h4 22. Bd3 Rfe8 23. Rb6 Bxd3 24. Qxd3 hxg3 25. fxg3 Qe7 26. Rf3 Qc7 27. a5 c4 28. Qf5 Re5 29. Qg4 Rbe8 30. Kh2 Qe7 31. Rb4 Rxe3 32. Rxe3 Qxe3 33. Rxc4 Bf6 34. Re4 Rxe4 35. Nxe4 Bd4 36. Kh3 Qc1 37. Qf5 Qh1+ 38. Kg4 Qxg2 39. Qxg5+ Kh7 40. Qf5+ Kg7 41. Nxd6 Qe2+ 42. Kh3 Bf6 43. b4 Qe1 44. Qg4+ Kf8 45. Qc8+ Kg7 46. Qg4+ Kf8 47. Qe4 Qf1+ 48. Kg4 Qd1+ 49. Qf3 Qxf3+ 50. Kxf3 Be7 51. Nxb7 Bxb4 52. Ke4 Ke7 53. Kd4 f5 54. Kc4 Be1 55. d6+ Ke6 56. Kc5 Bxg3 57. Kc6 Bh4 58. Nc5+ Ke5 59. Nxa6 f4 60. Nc5 f3 61. a6 Kd4 62. Nd3 Kxd3 63. a7 f2 64. a8=Q Ke2 65. Qa6+ Ke1 66. Qa5+ Kf1 67. Qb4 Bd8 68. Kd7 Bf6 69. Qf4 Bc3 70. Qc4+ Kg1 71. Qg4+ Kf1 72. Qf3 Bd4 73. Kc6 Kg1 74. d7 f1=Q 75. Qxf1+ Kxf1 76. d8=Q 1-0

[Event "World Juniors, Zagan POL"]
[Site "?"]
[Date "1997.??.??"]
[Round "?"]
[White "Kempinski, R."]
[Black "Li, Shilong"]
[Result "1-0"]
[WhiteElo "2530"]
[BlackElo "2335"]
[PlyCount "87"]
[EventDate "1997.??.??"]
[Source "www.chesslib.no"]
[SourceDate "2004.05.04"]

1. d4 Nf6 2. c4 c5 3. d5 e6 4. Nc3 exd5 5. cxd5 d6 6. Nf3 g6 7. Bg5 Bg7 8. e3 h6 9. Bh4 g5 10. Bg3 Nh5 11. Bb5+ Kf8 12. Bd3 a6 13. a4 Nxg3 14. hxg3 Nd7 15. Bf5 Ne5 16. Bxc8 Qxc8 17. Qc2 Qg4 18. Nxe5 Bxe5 19. a5 Re8 20. Ra4 Qd7 21. Nb1 Qb5 22. Nc3 Bxc3+ 23. bxc3 c4 24. O-O Kg7 25. e4 Rxe4 26. Qxe4 Qxa4 27. Qd4+ f6 28. Rb1 Rb8 29. Qa7 Qc2 30. Rf1 Rf8 31. Qxb7+ Rf7 32. Qb4 Qd3 33. Qxd6 Qxc3 34. Qxa6 Qb4 35. Qc6 Qxa5 36. Qxc4 Rc7 37. Qe4 Qd2 38. Qe6 Rc4 39. d6 Rd4 40. Rb1 Rxd6 41. Rb7+ Kg6 42. Qe4+ Kh5 43. g4+ Kh4 44. Rb3 1-0

[Event "CZE-ch"]
[Site "Lazne Bohdanec"]
[Date "1999.06.13"]
[Round "11"]
[White "Sobek, Jaroslav"]
[Black "Haba, Petr"]
[Result "1/2-1/2"]
[WhiteElo "2299"]
[BlackElo "2545"]
[PlyCount "116"]
[EventDate "1999.06.??"]
[Source "ChessBase"]
[SourceDate "1999.07.10"]

1. d4 Nf6 2. c4 c5 3. d5 e6 4. Nc3 exd5 5. cxd5 d6 6. Nf3 g6 7. Bg5 Bg7 8. e3 O-O 9. Nd2 h6 10. Bh4 Na6 11. Bxa6 bxa6 12. Nc4 Re8 13. O-O Qc7 14. Rc1 Bd7 15. Re1 Bb5 16. b3 Rab8 17. Bxf6 Bxf6 18. Qf3 Bxc3 19. Rxc3 Bxc4 20. Rxc4 a5 21. Re4 Rxe4 22. Qxe4 Qd7 23. Rc1 a4 24. Rc3 Rb4 25. Qd3 axb3 26. axb3 Qb5 27. Qc2 h5 28. g3 h4 29. f4 Qd7 30. Kg2 h3+ 31. Kf3 f5 32. Qd3 Kh7 33. Qa6 Qe7 34. Qd3 Kg7 35. Rc4 Rb8 36. e4 Re8 37. g4 Qh4 38. exf5 Qe1 39. Qc3+ Qxc3+ 40. Rxc3 gxf5 41. g5 Re4 42. Kg3 Kg6 43. Kf3 Rd4 44. Kg3 a5 45. Re3 Kh5 46. Rf3 c4 47. bxc4 Rxc4 48. Kxh3 a4 49. Kg2 Kg6 50. Rh3 Rxf4 51. Rh6+ Kxg5 52. Rxd6 Rd4 53. Ra6 Kf4 54. d6 Ke3 55. d7 Rd2+ 56. Kf1 Rxd7 57. Rxa4 Rd3 58. Ra2 f4 1/2-1/2

[Event "TCh-ROU Superliga"]
[Site "Predeal ROU"]
[Date "2007.10.16"]
[Round "4"]
[White "Raceanu, V."]
[Black "Doncea, V."]
[Result "0-1"]
[WhiteElo "2385"]
[BlackElo "2451"]
[PlyCount "106"]
[EventDate "2007.10.13"]
[Source "www.chesslib.no"]
[SourceDate "2004.05.04"]

1. d4 Nf6 2. c4 c5 3. d5 e6 4. Nc3 exd5 5. cxd5 d6 6. Nf3 g6 7. Bg5 Bg7 8. e3 O-O 9. Nd2 h6 10. Bh4 a6 11. a4 Nbd7 12. Be2 Qe7 13. O-O g5 14. Bg3 Ne5 15. Qc2 Bd7 16. Bxe5 Qxe5 17. Nc4 Qe7 18. a5 Rad8 19. Rab1 Bb5 20. Nb6 Bxe2 21. Nxe2 Nd7 22. Ng3 Nxb6 23. axb6 Qe5 24. Nf5 Rfe8 25. b4 Qxd5 26. Rbd1 Qe5 27. f4 gxf4 28. Rxf4 Kh8 29. Rdf1 Rd7 30. Rg4 Rg8 31. Kh1 Qc3 32. Qe2 cxb4 33. Nxh6 Bxh6 34. Rxg8+ Kxg8 35. Qg4+ Bg7 36. Qxd7 Qc4 37. Qf5 b3 38. g3 a5 39. Rf4 Qe6 40. Qxa5 b2 41. Qb5 Qxe3 42. Qf5 Qe6 43. Qd3 Bh6 44. Re4 Qg6 45. Qc2 Kh7 46. Qb1 d5 47. Re1 Qxb1 48. Rxb1 Bc1 49. Kg2 d4 50. Kf1 d3 51. g4 Kg6 52. h4 d2 53. Ke2 f5 0-1

[Event "ITA-ch38"]
[Site "Castelvecchio Pascoli"]
[Date "1977.??.??"]
[Round "12"]
[White "Toth, Bela"]
[Black "Passerotti, Pierluigi"]
[Result "0-1"]
[WhiteElo "2440"]
[BlackElo "2380"]
[PlyCount "81"]
[EventDate "1977.??.??"]
[Source "www.chesslib.no"]
[SourceDate "2004.05.04"]

1. d4 Nf6 2. c4 c5 3. d5 e6 4. Nc3 exd5 5. cxd5 d6 6. Nf3 g6 7. Bg5 Bg7 8. e3 a6 9. a4 h6 10. Bh4 g5 11. Bg3 Nh5 12. Nd2 Nxg3 13. hxg3 Nd7 14. Nc4 Ne5 15. Nxe5 Bxe5 16. Qc2 Bd7 17. Bd3 b5 18. axb5 axb5 19. Rxa8 Qxa8 20. O-O b4 21. Ne4 Ke7 22. f4 gxf4 23. gxf4 Bg7 24. Ng3 Rb8 25. Bc4 b3 26. Bxb3 Rb4 27. Bc4 Bxb2 28. Bd3 Qxd5 29. Bf5 Ba4 30. Qf2 Bf6 31. Bh3 Kd8 32. Qe2 Kc7 33. Qg4 Rb8 34. Kh1 Qc4 35. e4 h5 36. Qxh5 Rg8 37. Rf3 Bd1 38. Qf5 Bxf3 39. Qxf6 Rxg3 40. Qe7+ Kb6 41. Qd8+ 0-1

[Event "ARG-ch sf"]
[Site "Buenos Aires"]
[Date "1998.??.??"]
[Round "9"]
[White "Slipak, Sergio"]
[Black "Idigoras, Alejandro"]
[Result "1-0"]
[WhiteElo "2510"]
[BlackElo "2290"]
[PlyCount "62"]
[EventDate "1998.??.??"]
[Source "www.chesslib.no"]
[SourceDate "2004.05.04"]

1. d4 Nf6 2. c4 c5 3. d5 e6 4. Nc3 exd5 5. cxd5 d6 6. Nf3 g6 7. Bg5 Bg7 8. e3 a6 9. a4 h6 10. Bh4 g5 11. Bg3 Nh5 12. Bd3 Nxg3 13. hxg3 Nd7 14. Qc2 Nf6 15. a5 Bd7 16. Nd2 O-O 17. Nc4 Bb5 18. Nb6 Bxd3 19. Qxd3 Rb8 20. Nc4 Qd7 21. O-O Rbe8 22. Rae1 Re7 23. e4 Ng4 24. Qd1 f5 25. exf5 Nxf2 26. Rxf2 Bd4 27. g4 Rfe8 28. Re6 Rxe6 29. dxe6 Qc6 30. Qf3 Qxf3 31. gxf3 Rd8 1-0

[Event "POL-ch40"]
[Site "Piotrkow Trybunalski"]
[Date "1983.02.17"]
[Round "6"]
[White "Stempin, Pawel"]
[Black "Pinkas, Kazimierz"]
[Result "1-0"]
[WhiteElo "2375"]
[BlackElo "2405"]
[PlyCount "91"]
[EventDate "1983.02.??"]
[Source "www.chesslib.no"]
[SourceDate "2004.05.04"]

1. d4 Nf6 2. c4 c5 3. d5 e6 4. Nc3 exd5 5. cxd5 d6 6. Nf3 g6 7. Bg5 Bg7 8. e3 O-O 9. Nd2 a6 10. a4 Nbd7 11. Be2 h6 12. Bh4 g5 13. Bg3 Ne5 14. Bxe5 dxe5 15. e4 b6 16. O-O Bd7 17. Qc2 Qe7 18. Nc4 b5 19. Nb6 Rab8 20. Nxd7 Qxd7 21. axb5 axb5 22. b3 Ne8 23. Nd1 Nd6 24. Ne3 f5 25. exf5 e4 26. f6 Bxf6 27. Bg4 Qe7 28. Be6+ Kh8 29. Qxc5 Bxa1 30. Rxa1 Ra8 31. Rf1 Ra2 32. Ng4 Kh7 33. h3 h5 34. Ne3 Rf6 35. Qd4 Qf8 36. Nd1 Kh6 37. Nc3 Rc2 38. h4 gxh4 39. Qe3+ Kh7 40. Nxe4 Rg6 41. Nxd6 Qxd6 42. Bf5 Qxd5 43. Qg5 Qc6 44. Qxh5+ Kg7 45. Bxg6 Qxg6 46. Qxh4 1-0

[Event "Ch Russia (club)"]
[Site "Honra POR"]
[Date "1996.??.??"]
[Round "7"]
[White "Boehnisch, Manfred"]
[Black "Duncan Christopher R ENG"]
[Result "1/2-1/2"]
[WhiteElo "2310"]
[BlackElo "2455"]
[PlyCount "123"]
[EventDate "1996.??.??"]
[Source "www.chesslib.no"]
[SourceDate "2004.05.04"]

1. d4 Nf6 2. c4 c5 3. d5 e6 4. Nc3 exd5 5. cxd5 d6 6. Nf3 g6 7. Bg5 Bg7 8. e3 h6 9. Bh4 g5 10. Bg3 Nh5 11. Bd3 a6 12. a4 Nxg3 13. hxg3 O-O 14. O-O f5 15. Qc2 Qf6 16. Rab1 Nd7 17. Rfc1 b6 18. Qe2 Qd8 19. b4 Ra7 20. Nd2 Ne5 21. bxc5 bxc5 22. Rb3 g4 23. Nc4 Nxc4 24. Bxc4 h5 25. Qc2 h4 26. Ne2 Be5 27. Rb8 hxg3 28. fxg3 Qe7 29. Kf2 Re8 30. Qd3 Qf6 31. Rh1 Kg7 32. Ba2 Rae7 33. Re1 Qf7 34. Bb1 a5 35. Nf4 Bxf4 36. gxf4 Qf6 37. Rxc8 Rxc8 38. Qxf5 Qxf5 39. Bxf5 Rb8 40. e4 Rb4 41. Kg3 c4 42. e5 c3 43. Re2 Rd4 44. Be6 dxe5 45. fxe5 Rc4 46. Rc2 Kf8 47. Kf2 Rxe6 48. dxe6 Ke7 49. Ke3 Kxe6 50. Kd3 Rxa4 51. Rxc3 Kxe5 52. g3 Kd5 53. Ke3 Re4+ 54. Kd3 Rd4+ 55. Ke3 Re4+ 56. Kd3 Re6 57. Ra3 Ra6 58. Ra4 Kc5 59. Kc3 Rf6 60. Rxa5+ Kb6 61. Rg5 Rf3+ 62. Kd4 1/2-1/2

[Event "Moravia-chT 9900"]
[Site "CZE"]
[Date "1999.??.??"]
[Round "4"]
[White "Orsag, Milan"]
[Black "Simacek, Pavel"]
[Result "0-1"]
[WhiteElo "2407"]
[BlackElo "2346"]
[PlyCount "74"]
[EventDate "1999.??.??"]
[Source "www.chesslib.no"]
[SourceDate "2004.05.04"]

1. d4 Nf6 2. c4 c5 3. d5 e6 4. Nc3 exd5 5. cxd5 d6 6. Nf3 g6 7. Bg5 Bg7 8. e3 O-O 9. Be2 Bg4 10. Nd2 Bxe2 11. Qxe2 Nbd7 12. O-O a6 13. a4 Rb8 14. a5 Re8 15. h3 Qc7 16. Rfd1 Nh5 17. g4 Nhf6 18. Bf4 Ne5 19. Bxe5 Rxe5 20. Nc4 Ree8 21. Na4 h5 22. Nab6 Bh6 23. Qf3 Kg7 24. Qg3 Ne4 25. Qg2 hxg4 26. hxg4 Bg5 27. Ra3 Rbd8 28. f3 Nf6 29. Kf2 Qe7 30. Rh1 Rh8 31. Rxh8 Rxh8 32. Ra1 Re8 33. Ra3 Bf4 34. Qg1 Be5 35. Rd3 Nd7 36. f4 Nxb6 37. Nxb6 Bxf4 0-1

[Event "AUS Ch"]
[Site "Sydney AUS"]
[Date "1995.??.??"]
[Round "3"]
[White "Feldman, Vladimir"]
[Black "Gluzman, Mikhail"]
[Result "0-1"]
[WhiteElo "2315"]
[BlackElo "2430"]
[PlyCount "110"]
[EventDate "1995.??.??"]
[Source "www.chesslib.no"]
[SourceDate "2004.05.04"]

1. d4 Nf6 2. c4 c5 3. d5 e6 4. Nc3 exd5 5. cxd5 d6 6. Nf3 g6 7. Bg5 Bg7 8. e3 O-O 9. Nd2 Nbd7 10. Be2 a6 11. a4 b6 12. O-O Re8 13. h3 Rb8 14. Nc4 Ne5 15. Na3 h6 16. Bh4 Qc7 17. Qb3 Nh7 18. f4 c4 19. Bxc4 Nxc4 20. Qxc4 Qb7 21. Qc6 Bd7 22. Qxb7 Rxb7 23. Nc4 Bf8 24. e4 b5 25. axb5 axb5 26. Na5 Rc7 27. e5 g5 28. fxg5 Rxe5 29. g6 fxg6 30. Bg3 Re8 31. Rae1 Rxe1 32. Rxe1 Nf6 33. Nc6 Bxc6 34. dxc6 Rxc6 35. Nxb5 Rb6 36. Na3 d5 37. Be5 Bc5+ 38. Kh2 Ne4 39. Nc2 Kf7 40. Re2 Ke6 41. Bc3 Rb7 42. Nd4+ Kd6 43. g4 Bb4 44. Bxb4+ Rxb4 45. Nf3 g5 46. Kg2 Nc5 47. Ne5 d4 48. Nf7+ Kd5 49. Re5+ Kc6 50. Nxh6 Rxb2+ 51. Kf1 d3 52. Nf5 Nb3 53. Re6+ Kc5 54. Rd6 Rb1+ 55. Kf2 d2 0-1

[Event "CSR-DDR-POL U26"]
[Site "Houstka"]
[Date "1982.10.01"]
[Round "3"]
[White "Stempin, Pawel"]
[Black "Nun, Jiri"]
[Result "0-1"]
[WhiteElo "2380"]
[BlackElo "2350"]
[PlyCount "114"]
[EventDate "1982.09.27"]
[Source "www.chesslib.no"]
[SourceDate "2004.05.04"]

1. d4 Nf6 2. c4 c5 3. d5 e6 4. Nc3 exd5 5. cxd5 d6 6. Nf3 g6 7. Bg5 Bg7 8. e3 O-O 9. Nd2 a6 10. a4 h6 11. Bh4 Nbd7 12. Be2 Rb8 13. O-O Re8 14. Bg3 Ne5 15. h3 g5 16. a5 Bf5 17. e4 Bg6 18. f4 gxf4 19. Bxf4 Nfd7 20. Ra3 Qc7 21. Qe1 c4 22. Qh4 b5 23. axb6 Qxb6+ 24. Kh1 Qxb2 25. Ndb1 Bxe4 26. Bc1 Ng6 27. Qxe4 Rxe4 28. Bxb2 Rxe2 29. Nxe2 Rxb2 30. Ng3 Nh4 31. Ne4 Be5 32. Rxa6 Nb6 33. Nec3 f5 34. Na4 Nxa4 35. Rxa4 Nxg2 36. Rxc4 Ne3 37. Rc8+ Kf7 38. Rfc1 Rh2+ 39. Kg1 Nxd5 40. Na3 Rxh3 41. Nc4 Bd4+ 42. Kf1 Rh1+ 43. Ke2 Rxc1 44. Nxd6+ Ke6 45. Rxc1 Kxd6 46. Kf3 Be3 47. Ra1 Bg5 48. Ra6+ Ke5 49. Ra5 h5 50. Rb5 h4 51. Ra5 Bf4 52. Ra8 h3 53. Rh8 h2 54. Re8+ Kd4 55. Kg2 Ne3+ 56. Kh1 Ng4 57. Re2 Bg3 0-1

[Event "Open"]
[Site "Kharkov"]
[Date "2004.07.15"]
[Round "7"]
[White "Shchukin, Dmitry"]
[Black "Simantsev, Mikhail"]
[Result "0-1"]
[WhiteElo "2358"]
[BlackElo "2371"]
[PlyCount "74"]
[EventDate "2004.07.07"]
[Source "Roberto Alvarez"]
[SourceDate "2004.07.12"]

1. d4 Nf6 2. c4 c5 3. d5 e6 4. Nc3 exd5 5. cxd5 d6 6. Nf3 g6 7. Bg5 Bg7 8. Nd2 O-O 9. e4 a6 10. a4 Re8 11. Be2 Nbd7 12. f4 Qc7 13. O-O c4 14. Kh1 Nc5 15. e5 dxe5 16. Bxf6 Bxf6 17. Nde4 Nxe4 18. Nxe4 Qd8 19. Nxf6+ Qxf6 20. fxe5 Qxe5 21. Bxc4 Bf5 22. Qb3 Re7 23. Bd3 Bxd3 24. Qxd3 Rd8 25. Rad1 Red7 26. Qb3 Re7 27. h3 Rd6 28. Rf3 h5 29. Rfd3 Qg5 30. Rg3 Qh4 31. Rc3 Re1+ 32. Rxe1 Qxe1+ 33. Kh2 Qe5+ 34. Kg1 Rxd5 35. Re3 Qd4 36. Kh2 Qf4+ 37. Kh1 b5 0-1

[Event "ARG Ch"]
[Site "Buenos Aires ARG"]
[Date "1976.??.??"]
[Round "14"]
[White "Bronstein, Luis M"]
[Black "Brond, Victor"]
[Result "1/2-1/2"]
[WhiteElo "2380"]
[BlackElo "2345"]
[PlyCount "107"]
[EventDate "1976.??.??"]
[Source "www.chesslib.no"]
[SourceDate "2004.05.04"]

1. d4 Nf6 2. c4 c5 3. d5 e6 4. Nc3 exd5 5. cxd5 d6 6. Nf3 g6 7. Bg5 Bg7 8. Nd2 h6 9. Bh4 g5 10. Bg3 Nh5 11. Qa4+ Kf8 12. Nde4 Nxg3 13. Nxg3 a6 14. e3 Nd7 15. Be2 b5 16. Qc2 Nf6 17. O-O Qe7 18. Rae1 Bd7 19. Bd3 Re8 20. Bf5 b4 21. Bxd7 Qxd7 22. Nce4 Nxe4 23. Nxe4 Qf5 24. f3 Qe5 25. Re2 h5 26. Qc4 a5 27. Qa6 Rh6 28. Rd1 g4 29. Qxa5 Rg6 30. Kh1 gxf3 31. gxf3 Qf5 32. Nd2 Qxd5 33. Qa4 Qd3 34. Ree1 Qf5 35. Qb3 Bh6 36. f4 Qh3 37. Re2 Kg7 38. Rf1 Qg4 39. Ref2 Qd7 40. f5 Qc6+ 41. e4 Rf6 42. Qg3+ Kf8 43. Qh4 d5 44. Qxh5 dxe4 45. Nc4 e3+ 46. Rg2 Qe4 47. b3 e2 48. Re1 Qxf5 49. Qxf5 Rxf5 50. Rgxe2 Rf1+ 51. Rxf1 Rxe2 52. Nd6 Rxa2 53. Rxf7+ Kg8 54. Rf3 1/2-1/2

[Event "Baden/Wuert-Nord D"]
[Site "?"]
[Date "1987.??.??"]
[Round "1"]
[White "Vogel, Robert"]
[Black "Paulsen, Dirk"]
[Result "0-1"]
[WhiteElo "2385"]
[BlackElo "2340"]
[PlyCount "114"]
[EventDate "1987.??.??"]
[Source "www.chesslib.no"]
[SourceDate "2004.05.04"]

1. d4 Nf6 2. c4 c5 3. d5 e6 4. Nc3 exd5 5. cxd5 d6 6. Nf3 g6 7. Bg5 Bg7 8. Nd2 O-O 9. e4 b6 10. Be2 Ba6 11. O-O Qc8 12. a4 Re8 13. Re1 Bxe2 14. Qxe2 Nbd7 15. Nc4 Qb8 16. Qf3 a6 17. Bf4 Bf8 18. Reb1 Qc7 19. Qd3 Rab8 20. f3 b5 21. axb5 axb5 22. Na5 c4 23. Qd2 Nc5 24. b4 cxb3 25. Nxb3 Nfd7 26. Nd4 b4 27. Ncb5 Rxb5 28. Nxb5 Qb6 29. Nd4 b3 30. Be3 Bg7 31. Qa5 f5 32. Qxb6 Nxb6 33. Ra7 Nxd5 34. exd5 Rxe3 35. Nb5 Be5 36. Kf2 f4 37. Kf1 b2 38. Na3 Nb3 39. Nc4 Rc3 40. Rxb2 Rc1+ 41. Ke2 Bxb2 42. Nxb2 Rc2+ 43. Kd3 Rxb2 44. Kc3 Rxg2 45. Kxb3 Rxh2 46. Kc4 Rf2 47. Ra3 Re2 48. Kd4 Re3 49. Ra6 Rxf3 50. Rxd6 Re3 51. Rf6 g5 52. Rf5 h6 53. d6 Re8 54. Kd5 Kg7 55. d7 Ra8 56. Ke6 Kg6 57. Rc5 Rd8 0-1

[Event "WYCC 2008 U18 boys"]
[Site "Vung Tau City VIE"]
[Date "2008.10.27"]
[Round "8.8"]
[White "Ashwin, Jayaram"]
[Black "Carlstedt, Jonathan"]
[Result "1-0"]
[WhiteElo "2437"]
[BlackElo "2286"]
[PlyCount "131"]
[EventDate "2008.10.20"]
[Source "www.chesslib.no"]
[SourceDate "2004.05.04"]

1. d4 Nf6 2. c4 c5 3. d5 e6 4. Nc3 exd5 5. cxd5 d6 6. Nf3 g6 7. Bg5 h6 8. Bh4 g5 9. Bg3 Nh5 10. Nd2 Nxg3 11. hxg3 a6 12. a4 Nd7 13. Nc4 Nb6 14. Ne3 Bd7 15. Qc2 Bg7 16. a5 Nc8 17. Nc4 Bb5 18. e3 Qd7 19. Bd3 Qg4 20. Ne4 Qd7 21. Nc3 Qg4 22. Nd2 Bxd3 23. Qxd3 O-O 24. Nc4 Re8 25. Na4 Rb8 26. O-O h5 27. Rfe1 h4 28. gxh4 gxh4 29. e4 Bd4 30. Qf3 Qxf3 31. gxf3 Rd8 32. f4 Ne7 33. f5 Kg7 34. Ra3 Kf6 35. Kf1 Be5 36. Rh3 Rh8 37. Nab6 Rbd8 38. Ke2 Nc8 39. Nxc8 Rxc8 40. Rg1 Ke7 41. Rg4 Bf6 42. f4 Rce8 43. Kd3 Kd7 44. e5 dxe5 45. fxe5 Bxe5 46. Rgxh4 Bd4 47. Rh7 Rxh7 48. Rxh7 Ke7 49. Rh6 Rd8 50. d6+ Kd7 51. Nb6+ Kc6 52. d7+ Kb5 53. Nc4 f6 54. Rh7 Kc6 55. Nb6 Be5 56. Kc4 Bc7 57. Rf7 Be5 58. Re7 Bxb2 59. Re6+ Kc7 60. Kxc5 Be5 61. Re8 Bg3 62. Kd5 Rxd7+ 63. Nxd7 Kxd7 64. Rg8 Be1 65. Rg7+ Kc8 66. Rf7 1-0

[Event "7th Rohde Open"]
[Site "Sautron FRA"]
[Date "2007.11.03"]
[Round "9"]
[White "Raetsky, A."]
[Black "Saatdjian, T."]
[Result "1-0"]
[WhiteElo "2410"]
[BlackElo "2295"]
[PlyCount "93"]
[EventDate "2007.10.27"]
[Source "www.chesslib.no"]
[SourceDate "2004.05.04"]

1. d4 Nf6 2. c4 c5 3. d5 e6 4. Nc3 exd5 5. cxd5 d6 6. Nf3 g6 7. Bg5 Bg7 8. Nd2 O-O 9. e3 h6 10. Bh4 Na6 11. Nc4 Nc7 12. a4 b6 13. Be2 Ba6 14. O-O Re8 15. Re1 Qd7 16. f3 Nh5 17. g4 Nf6 18. Bg3 Bxc4 19. Bxc4 a6 20. Qd3 Qe7 21. e4 Nd7 22. f4 g5 23. Qd2 gxf4 24. Qxf4 Ne5 25. Be2 Qg5 26. Rf1 Qxf4 27. Bxf4 Rad8 28. g5 Ng6 29. gxh6 Bxc3 30. bxc3 Rxe4 31. Bg5 Rde8 32. Bf3 R4e5 33. Bf6 Rf5 34. Bg2 Rh5 35. c4 Rxh6 36. Rab1 Ne5 37. Rxb6 Nxc4 38. Rc6 Na8 39. Bg5 Rg6 40. h4 a5 41. Rf4 Ne5 42. Ra6 Kg7 43. Be4 Nc7 44. Ra7 Rc8 45. Bxg6 Nxg6 46. Rf6 Nxd5 47. Rfxf7+ 1-0

[Event "CZE Team Ch 9596"]
[Site "Czech Republic"]
[Date "1996.??.??"]
[Round "7"]
[White "Pekarek, Ales"]
[Black "Svatos, Jan"]
[Result "1-0"]
[WhiteElo "2445"]
[BlackElo "2255"]
[PlyCount "55"]
[EventDate "1995.??.??"]
[Source "www.chesslib.no"]
[SourceDate "2004.05.04"]

1. d4 Nf6 2. c4 c5 3. d5 e6 4. Nc3 exd5 5. cxd5 d6 6. Nf3 g6 7. Bg5 Bg7 8. e3 O-O 9. Nd2 h6 10. Bh4 Na6 11. Be2 Nc7 12. O-O b5 13. Bxb5 Nxb5 14. Nxb5 Qb6 15. Bxf6 Bxf6 16. a4 Ba6 17. Nc4 Qb8 18. Qb3 Rd8 19. Rfd1 Rd7 20. e4 Rb7 21. Qf3 Bxb5 22. axb5 Bd4 23. Ra6 Rd7 24. b6 axb6 25. Rxa8 Qxa8 26. Nxb6 Qb7 27. Nxd7 Qxd7 28. b4 1-0